000 00475nam a2200169 i 4500
001 40280
003 ES-MaACL
005 20230906160200.0
007 t|
008 030305s1967 sp ||||1| spa d
100 1 _aCarrillo, Francisco J.
_935757
245 1 0 _aCamino sin retorno /
_cFrancisco J. Carrillo.
260 _aMadrid :
_b[s.n.,
_c1967] (
_fVelograf)
300 _a52 p. ;
_c18 cm.
852 _aES-MaACL
_jC-33871
_bR.64450
852 _aES-MaACL
_jC-34812
_bR.64301
999 _c40280
_d40280